[Event "Aragon-chT Honor Gr II"]
[Site "Aragon"]
[Date "2023.03.04"]
[Round "6.13"]
[White "Moreno Gracia, Daniel"]
[Black "Lana Rodriguez, David"]
[Result "1/2-1/2"]
[WhiteElo "2301"]
[BlackElo "2383"]
[PlyCount "30"]
[EventDate "2023.01.28"]
[EventType "team-tourn"]
[EventRounds "7"]
[EventCountry "ESP"]
[SourceTitle "EXT 2024"]
[Source "ChessBase"]
[SourceDate "2023.10.10"]
[SourceVersion "1"]
[SourceVersionDate "2023.10.10"]
[SourceQuality "1"]
[WhiteTeam "Iberajedrez Mundo 64"]
[BlackTeam "Teruel"]
[WhiteTeamCountry "ESP"]
[BlackTeamCountry "ESP"]

1. d4 d5 2. Bf4 Nf6 3. e3 c5 4. c3 Nc6 5. Nd2 Qb6 6. Qb3 c4 7. Qc2 Nh5 8. Bg5 h6 9. Bh4 g5 10. Be2 Nf4 11. exf4 gxh4 12. Bf3 e6 13. Ne2 Ne7 14. 0-0 Bd7 15. Rfe1 Bg7 1/2-1/2

[Event "Aragon-chT Honor Gr II"]
[Site "Aragon"]
[Date "2023.02.11"]
[Round "3.25"]
[White "Ramon Perez, Jose Luis"]
[Black "Moreno Gracia, Daniel"]
[Result "1-0"]
[WhiteElo "2166"]
[BlackElo "2301"]
[PlyCount "59"]
[EventDate "2023.01.28"]
[EventType "team-tourn"]
[EventRounds "7"]
[EventCountry "ESP"]
[SourceTitle "EXT 2024"]
[Source "ChessBase"]
[SourceDate "2023.10.10"]
[SourceVersion "1"]
[SourceVersionDate "2023.10.10"]
[SourceQuality "1"]
[WhiteTeam "Fraga"]
[BlackTeam "Iberajedrez Mundo 64"]
[WhiteTeamCountry "ESP"]
[BlackTeamCountry "ESP"]

1. e4 c5 2. Nc3 d6 3. Nf3 a6 4. d4 cxd4 5. Nxd4 Nf6 6. Bc4 e6 7. Bb3 b5 8. Qf3 Qb6 9. Be3 Qb7 10. 0-0-0 b4 11. Na4 Nbd7 12. Rhe1 Qxe4 13. Qe2 Bb7 14. f3 Qe5 15. Qd2 Qa5 16. a3 d5 17. g4 Nc5 18. Nxc5 Bxc5 19. Nf5 0-0 20. Bxc5 Qxc5 21. Nxg7 Ne8 22. axb4 Qe7 23. Nh5 Kh8 24. Qd4+ f6 25. g5 Qf7 26. Nxf6 Nxf6 27. gxf6 Rac8 28. Rxe6 Bc6 29. Rg1 Rfe8 30. Re7 1-0

[Event "Aragon-chT Honor Gr-II"]
[Site "Aragon"]
[Date "2020.02.22"]
[Round "5.3"]
[White "Moreno Gracia, Daniel"]
[Black "Dan, Teodor"]
[Result "1-0"]
[WhiteElo "2307"]
[BlackElo "2094"]
[PlyCount "95"]
[EventDate "2020.01.25"]
[EventType "team-tourn"]
[EventRounds "7"]
[EventCountry "ESP"]
[SourceTitle "EXT 2022"]
[Source "ChessBase"]
[SourceDate "2021.10.06"]
[SourceVersion "1"]
[SourceVersionDate "2021.10.06"]
[SourceQuality "1"]
[WhiteTeam "IberCaja"]
[BlackTeam "Palacio de Pioneros"]
[WhiteTeamCountry "ESP"]
[BlackTeamCountry "ESP"]

1. c4 Nf6 2. Nc3 g6 3. g3 Bg7 4. Bg2 0-0 5. Nf3 d6 6. 0-0 Nc6 7. d3 e5 8. Rb1 a5 9. a3 Nd4 10. Nd2 c6 11. b4 axb4 12. axb4 d5 13. b5 Qa5 14. Bb2 Be6 15. e3 Nf5 16. Qe2 Rfe8 17. Nf3 d4 18. Nd1 Nd7 19. bxc6 bxc6 20. Ng5 Qc5 21. Nxe6 fxe6 22. Qf3 Ra6 23. Bc1 Rf8 24. Qe2 Qa7 25. exd4 Nxd4 26. Qe3 Nc5 27. Nc3 Nf5 28. Qe2 Rd8 29. Rd1 Qa8 30. Ne4 Ra2 31. Qf1 Na4 32. Bg5 Rf8 33. Ra1 Nb2 34. Rxa2 Qxa2 35. Ra1 Qb3 36. Nc5 Qc3 37. Nxe6 Rc8 38. Be4 Qc2 39. Qb1 Qe2 40. Ra7 Nd1 41. Qb6 Nd4 42. Rxg7+ Kh8 43. Rxh7+ Kg8 44. Rg7+ Kh8 45. Rf7 Ra8 46. Bf6+ Kg8 47. Rg7+ Kh8 48. Rxg6+ 1-0

[Event "Aragon-chT Honor Gr-B"]
[Site "Aragon"]
[Date "2019.03.02"]
[Round "6.18"]
[White "Moreno Gracia, Daniel"]
[Black "Gutierrez Mingueza, Ruben"]
[Result "1-0"]
[WhiteElo "2289"]
[BlackElo "2068"]
[PlyCount "105"]
[EventDate "2019.01.26"]
[EventType "team-tourn"]
[EventRounds "7"]
[EventCountry "ESP"]
[SourceTitle "EXT 2020"]
[Source "ChessBase"]
[SourceDate "2019.10.17"]
[SourceVersion "1"]
[SourceVersionDate "2019.10.17"]
[SourceQuality "1"]
[WhiteTeam "IberCaja"]
[BlackTeam "San Jose"]
[WhiteTeamCountry "ESP"]
[BlackTeamCountry "ESP"]

1. d4 Nf6 2. Nf3 e6 3. Bf4 d5 4. e3 Bd6 5. Bg3 0-0 6. Nbd2 c5 7. c3 Qc7 8. Bd3 Nbd7 9. e4 dxe4 10. Nxe4 Nxe4 11. Bxe4 Nf6 12. Bc2 Rd8 13. Qe2 cxd4 14. Nxd4 Bd7 15. 0-0-0 Rac8 16. Nb5 Bxb5 17. Qxb5 a6 18. Qe2 b5 19. Kb1 Qc6 20. Bxd6 Rxd6 21. Rxd6 Qxd6 22. g3 Rc5 23. Rd1 Rd5 24. Bb3 Rxd1+ 25. Qxd1 Nd5 26. Qd4 g6 27. h4 h5 28. a3 Qc6 29. c4 bxc4 30. Bxc4 a5 31. Bd3 Qc7 32. Ka2 Ne7 33. Be4 Nc8 34. b4 axb4 35. axb4 Nb6 36. Kb3 Qa7 37. Bc6 Qc7 38. b5 Qa7 39. f3 Qa5 40. g4 Nd5 41. gxh5 gxh5 42. f4 Ne7 43. Qd7 Nf5 44. Be4 Qe1 45. Bxf5 exf5 46. Qxf5 Qe3+ 47. Kc4 Qc1+ 48. Kd5 Qd2+ 49. Kc6 Qc3+ 50. Kb7 Qf3+ 51. Kb8 Qe2 52. b6 Qa6 53. Qc8+ 1-0

[Event "Aragon-chT Honor Gr-B"]
[Site "Aragon"]
[Date "2019.02.02"]
[Round "2.6"]
[White "Moreno Gracia, Daniel"]
[Black "Gavin Roche, Enrique"]
[Result "1/2-1/2"]
[WhiteElo "2289"]
[BlackElo "2220"]
[PlyCount "48"]
[EventDate "2019.01.26"]
[EventType "team-tourn"]
[EventRounds "7"]
[EventCountry "ESP"]
[SourceTitle "EXT 2020"]
[Source "ChessBase"]
[SourceDate "2019.10.17"]
[SourceVersion "1"]
[SourceVersionDate "2019.10.17"]
[SourceQuality "1"]
[WhiteTeam "IberCaja"]
[BlackTeam "Aragon ONCE"]
[WhiteTeamCountry "ESP"]
[BlackTeamCountry "ESP"]

1. d4 d5 2. Nf3 Nf6 3. Bf4 e6 4. e3 c5 5. c3 Bd6 6. Bg3 0-0 7. Nbd2 Nc6 8. Bd3 Qc7 9. dxc5 Bxg3 10. hxg3 e5 11. e4 Ne7 12. exd5 Nexd5 13. Qc2 h6 14. 0-0-0 Qxc5 15. Ne4 Nxe4 16. Bxe4 Nf6 17. Ng5 Be6 18. Nxe6 fxe6 19. Bf3 Rac8 20. Rd2 b5 21. a3 a5 22. Kb1 Rcd8 23. Rhd1 Rxd2 24. Rxd2 a4 1/2-1/2

[Event "Aragon-chT Honor Gr II"]
[Site "Aragon"]
[Date "2018.01.27"]
[Round "1.6"]
[White "Roque Sola, Jose Luis"]
[Black "Moreno Gracia, Daniel"]
[Result "0-1"]
[WhiteElo "2160"]
[BlackElo "2309"]
[PlyCount "82"]
[EventDate "2018.01.27"]
[EventType "team-tourn"]
[EventRounds "7"]
[EventCountry "ESP"]
[SourceTitle "EXT 2019"]
[Source "ChessBase"]
[SourceDate "2018.10.10"]
[SourceVersion "1"]
[SourceVersionDate "2018.10.10"]
[SourceQuality "1"]
[WhiteTeam "Jaque"]
[BlackTeam "IberCaja"]
[WhiteTeamCountry "ESP"]
[BlackTeamCountry "ESP"]

1. e4 e5 2. Nf3 Nc6 3. Bb5 Bc5 4. 0-0 Qf6 5. c3 Nge7 6. d3 h6 7. Be3 Bb6 8. d4 Ng6 9. Na3 0-0 10. Nc4 exd4 11. cxd4 d5 12. e5 Qf5 13. Nxb6 axb6 14. Bd3 Qh5 15. Nd2 Qxd1 16. Rfxd1 Nge7 17. Nb3 Nb4 18. a3 Nxd3 19. Rxd3 Bf5 20. Rc3 c6 21. h3 Ra4 22. Rd1 Bh7 23. f4 Be4 24. Nd2 f5 25. Kf2 b5 26. b4 Rfa8 27. Nxe4 dxe4 28. Bc1 Nd5 29. Rb3 Kf7 30. g4 g6 31. Kg3 Ke6 32. h4 h5 33. gxh5 gxh5 34. Kf2 Rg8 35. Rg1 Rg4 36. Rxg4 fxg4 37. Bd2 Ne7 38. Ke3 Kd5 39. f5 Nxf5+ 40. Kf4 Nxd4 41. Re3 Ra8 0-1

[Event "Aragon-chT Honor Descenso"]
[Site "Aragon"]
[Date "2017.04.08"]
[Round "10.13"]
[White "Moreno Gracia, Daniel"]
[Black "Garcia Fernandez, Javier"]
[Result "1-0"]
[WhiteElo "2318"]
[BlackElo "2166"]
[PlyCount "57"]
[EventDate "2017.02.25"]
[EventType "team-tourn"]
[EventRounds "10"]
[EventCountry "ESP"]
[SourceTitle "EXT 2018"]
[Source "ChessBase"]
[SourceDate "2017.10.13"]
[SourceVersion "1"]
[SourceVersionDate "2017.10.13"]
[SourceQuality "1"]
[WhiteTeam "La Aurora Estadilla"]
[BlackTeam "Teruel"]
[WhiteTeamCountry "ESP"]
[BlackTeamCountry "ESP"]

1. c4 c5 2. Nc3 Nc6 3. e3 Nf6 4. d4 cxd4 5. exd4 d5 6. Bg5 e6 7. Nf3 Be7 8. Bd3 0-0 9. 0-0 dxc4 10. Bxc4 h6 11. Bf4 Nb4 12. Ne5 Nbd5 13. Bg3 Bd7 14. Re1 Rc8 15. Qe2 Bb4 16. Rac1 a6 17. Qd3 b5 18. Bb3 Ba5 19. Bh4 g5 20. Bg3 Nxc3 21. bxc3 Nd5 22. Qf3 Rxc3 23. Rxc3 Bxc3 24. Rd1 b4 25. Qh5 Kg7 26. Ng4 Rh8 27. Bxd5 exd5 28. Be5+ Kg8 29. Nxh6+ 1-0

[Event "Aragon-chT Honor GrA"]
[Site "Aragon"]
[Date "2017.02.25"]
[Round "5.5"]
[White "Hinojar Basa, Alfonso"]
[Black "Moreno Gracia, Daniel"]
[Result "0-1"]
[WhiteElo "2175"]
[BlackElo "2318"]
[PlyCount "52"]
[EventDate "2017.01.28"]
[EventType "team-tourn"]
[EventRounds "7"]
[EventCountry "ESP"]
[SourceTitle "EXT 2018"]
[Source "ChessBase"]
[SourceDate "2017.10.13"]
[SourceVersion "1"]
[SourceVersionDate "2017.10.13"]
[SourceQuality "1"]
[WhiteTeam "Marcos Frechin"]
[BlackTeam "La Aurora Estadilla"]
[WhiteTeamCountry "ESP"]
[BlackTeamCountry "ESP"]

1. e4 c5 2. Nf3 d6 3. d4 Nf6 4. Nc3 cxd4 5. Nxd4 a6 6. Qf3 g6 7. h3 Bg7 8. Bg5 Qa5 9. Be3 Nc6 10. Nb3 Qc7 11. 0-0-0 0-0 12. g4 Be6 13. Qg3 Nb4 14. Bd3 Nxa2+ 15. Nxa2 Bxb3 16. Nc3 Bc4 17. Bd4 Rac8 18. f4 b5 19. Kb1 b4 20. Bxf6 Bxf6 21. Nd5 Bxd5 22. exd5 Bxb2 23. Kxb2 Qc3+ 24. Kb1 b3 25. Qf2 bxc2+ 26. Qxc2 Qa3 0-1

[Event "Aragon-chT Honor Descenso"]
[Site "Aragon"]
[Date "2016.04.09"]
[Round "10.13"]
[White "Garcia Fernandez, Javier"]
[Black "Moreno Gracia, Daniel"]
[Result "0-1"]
[WhiteElo "2173"]
[BlackElo "2337"]
[PlyCount "32"]
[EventDate "2016.03.19"]
[EventType "team-tourn"]
[EventRounds "10"]
[EventCountry "ESP"]
[SourceTitle "EXT 2018"]
[Source "ChessBase"]
[SourceDate "2017.10.13"]
[SourceVersion "1"]
[SourceVersionDate "2017.10.13"]
[SourceQuality "1"]
[WhiteTeam "Teruel"]
[BlackTeam "La Aurora Estadilla"]
[WhiteTeamCountry "ESP"]
[BlackTeamCountry "ESP"]

1. e4 e5 2. Nf3 Nc6 3. d4 exd4 4. Bc4 Nf6 5. Ng5 Ne5 6. Bb3 d5 7. Qxd4 Bd6 8. exd5 0-0 9. Nc3 Re8 10. 0-0 h6 11. Nge4 Nxe4 12. Nxe4 Qh4 13. f4 Ng4 14. h3 Rxe4 15. Qxe4 Bc5+ 16. Kh1 Qg3 0-1

[Event "ESP-chT CECLUB Div1"]
[Site "Linares"]
[Date "2015.08.10"]
[Round "3.4"]
[White "Moreno Gracia, Daniel"]
[Black "Senlle Caride, Miguel"]
[Result "1/2-1/2"]
[WhiteElo "2337"]
[BlackElo "2320"]
[PlyCount "72"]
[EventDate "2015.08.08"]
[EventType "team-tourn"]
[EventRounds "7"]
[EventCountry "ESP"]
[SourceTitle "EXT 2016"]
[Source "ChessBase"]
[SourceDate "2015.10.08"]
[SourceVersion "1"]
[SourceVersionDate "2015.10.08"]
[SourceQuality "1"]
[WhiteTeam "Casablanca Stadium"]
[BlackTeam "Vigo Universidad"]
[WhiteTeamCountry "ESP"]
[BlackTeamCountry "ESP"]

1. d4 Nf6 2. c4 e6 3. Nc3 d5 4. cxd5 exd5 5. Bg5 Be7 6. e3 0-0 7. Bd3 c5 8. dxc5 Nbd7 9. Nge2 Nxc5 10. 0-0 Be6 11. Nd4 Qb6 12. Na4 Nxa4 13. Qxa4 h6 14. Bh4 Rac8 15. Qb5 Qxb5 16. Bxb5 Rc5 17. Bd3 Rfc8 18. Rfd1 a6 19. f3 Bd8 20. Bg3 Be7 21. Be1 Re8 22. Bc3 Rcc8 23. Nb3 Nd7 24. Bd4 Nc5 25. Nxc5 Bxc5 26. Rac1 Bxd4 27. exd4 Rxc1 28. Rxc1 Rc8 29. Rxc8+ Bxc8 30. Kf2 Kf8 31. h4 Ke7 32. Ke3 Kf6 33. Kf4 g5+ 34. hxg5+ hxg5+ 35. Ke3 Bf5 36. g4 Bc8 1/2-1/2

[Event "Aragon-chT Honor Titulo"]
[Site "Aragon"]
[Date "2014.03.30"]
[Round "11.5"]
[White "Moreno Gracia, Daniel"]
[Black "Lana Rodriguez, David"]
[Result "0-1"]
[WhiteElo "2345"]
[BlackElo "2309"]
[PlyCount "170"]
[EventDate "2014.01.25"]
[EventType "team-tourn"]
[EventRounds "11"]
[EventCountry "ESP"]
[SourceTitle "EXT 2015"]
[Source "ChessBase"]
[SourceDate "2014.11.20"]
[SourceVersion "1"]
[SourceVersionDate "2014.11.20"]
[SourceQuality "1"]
[WhiteTeam "St Casablanca II"]
[BlackTeam "Helios"]
[WhiteTeamCountry "ESP"]
[BlackTeamCountry "ESP"]

1. Nf3 c5 2. e3 Nc6 3. c4 Nf6 4. Nc3 d5 5. cxd5 Nxd5 6. Bb5 Nxc3 7. Bxc6+ bxc6 8. dxc3 Qc7 9. Qa4 a5 10. 0-0 Ba6 11. c4 Bc8 12. Bd2 f6 13. Bc3 e5 14. Nd2 Be7 15. f4 exf4 16. exf4 0-0 17. Rae1 Bd6 18. g3 Bh3 19. Rf3 Rfe8 20. Rfe3 Rxe3 21. Rxe3 Qd7 22. Qd1 Bf8 23. Qe1 Qf7 24. Qe2 Qg6 25. a3 a4 26. Ne4 Bg4 27. Qd2 Qf7 28. Qd3 Bf5 29. Qe2 h5 30. Nd2 Bg4 31. Qg2 Qd7 32. Qe4 Bf5 33. Qf3 Bg6 34. Kg2 Re8 35. Rxe8 Qxe8 36. f5 Bf7 37. Kf2 Bd6 38. Qe4 Qd7 39. Ke3 Kh8 40. Qd3 Qe7+ 41. Qe4 Qc7 42. Nf3 Qb7 43. Qd3 Bf8 44. Nd2 Qc8 45. Kf4 Bg8 46. Ne4 Bh7 47. Nf2 Qb8+ 48. Kf3 Qb3 49. Nd1 Bxf5 50. Qxf5 Qxd1+ 51. Kf2 Qg4 52. Qxg4 hxg4 53. Ke3 Kg8 54. Kf4 Kf7 55. Kxg4 Ke6 56. Kf3 Bd6 57. h3 Be5 58. Bxe5 Kxe5 59. Ke3 f5 60. Kd3 f4 61. gxf4+ Kxf4 62. b3 axb3 63. Kc3 Ke5 64. Kxb3 Kd6 65. Kc3 Kc7 66. Kd3 Kb6 67. Ke4 Ka5 68. h4 Ka4 69. h5 Kb3 70. Kf5 Kxc4 71. Kg6 Kb3 72. Kxg7 c4 73. h6 c3 74. h7 c2 75. h8Q c1Q 76. Qb8+ Kxa3 77. Qa7+ Kb2 78. Kf6 Qh6+ 79. Ke5 Qg5+ 80. Ke4 Qd5+ 81. Ke3 c5 82. Qg7+ Kc2 83. Qg6+ Kc3 84. Qb1 Qd4+ 85. Ke2 Qd2+ 0-1

[Event "ESP-chT CECLUB Div2 Gp1"]
[Site "Padron"]
[Date "2012.08.11"]
[Round "5.4"]
[White "Varas, Carlos"]
[Black "Moreno Gracia, Daniel"]
[Result "0-1"]
[WhiteElo "2276"]
[BlackElo "2332"]
[PlyCount "124"]
[EventDate "2012.08.08"]
[EventType "team-swiss"]
[EventRounds "6"]
[EventCountry "ESP"]
[SourceTitle "CBM 149 Extra"]
[Source "ChessBase"]
[SourceDate "2012.08.24"]
[SourceVersion "1"]
[SourceVersionDate "2012.08.24"]
[SourceQuality "1"]
[WhiteTeam "Bilbao Conteneo"]
[BlackTeam "Casablanca Stadium"]
[WhiteTeamCountry "ESP"]
[BlackTeamCountry "ESP"]

1. e4 c5 2. Nf3 d6 3. d4 Nf6 4. Nc3 cxd4 5. Nxd4 a6 6. Be2 e5 7. Nf5 d5 8. Bg5 d4 9. Bxf6 Qxf6 10. Nd5 Qd8 11. c4 g6 12. Ng3 Bg7 13. 0-0 0-0 14. c5 Be6 15. Bc4 Nd7 16. b4 Rc8 17. Qb3 Kh8 18. Rad1 b5 19. cxb6 Nxb6 20. Nxb6 Qxb6 21. Bxe6 Rc3 22. Qa4 Qxe6 23. Ne2 Rc4 24. Nc1 Rb8 25. Nd3 Bf8 26. a3 Rc3 27. f4 exf4 28. Rxf4 Bh6 29. Rff1 Qxe4 30. Qxa6 Ra8 31. Qf6+ Bg7 32. Nf2 Qe2 33. Qd6 Rcxa3 34. Rxd4 R3a6 35. Qd5 Bxd4 36. Qxd4+ f6 37. Ng4 Qe7 38. Nxf6 Qa7 39. Qxa7 R6xa7 40. Nd5 Rd8 41. Nc3 Ra3 42. Ne4 Rd4 43. Nc5 Rxb4 44. Ne6 Ra8 45. Rf7 Rb6 46. Re7 Rb2 47. h3 Re2 48. Kh2 Re3 49. Kg1 g5 50. Kf2 Re5 51. Kf3 h5 52. h4 Ra3+ 53. Kf2 Rf5+ 54. Kg1 gxh4 55. Kh2 h3 56. g3 h4 57. Kxh3 hxg3 58. Kg4 g2 59. Kxf5 g1Q 60. Re8+ Kh7 61. Ng5+ Kg7 62. Ne6+ Kf7 0-1

[Event "Aragon-chT Honor Titulo"]
[Site "Aragon"]
[Date "2012.04.15"]
[Round "11.4"]
[White "Ramiro Ovejero, Juan Luis"]
[Black "Moreno Gracia, Daniel"]
[Result "1-0"]
[WhiteElo "2303"]
[BlackElo "2322"]
[PlyCount "75"]
[EventDate "2012.02.04"]
[EventType "team-tourn"]
[EventRounds "11"]
[EventCountry "ESP"]
[SourceTitle "EXT 2014"]
[Source "ChessBase"]
[SourceDate "2013.11.20"]
[SourceVersion "1"]
[SourceVersionDate "2013.11.20"]
[SourceQuality "1"]
[WhiteTeam "Jaime Casas"]
[BlackTeam "St Casablanca"]
[WhiteTeamCountry "ESP"]
[BlackTeamCountry "ESP"]

1. e4 c5 2. Nc3 d6 3. d4 cxd4 4. Qxd4 e5 5. Bb5+ Nd7 6. Qd3 h6 7. Nf3 Ngf6 8. Nd2 Be7 9. Nc4 0-0 10. Bxd7 Bxd7 11. Ne3 Be6 12. Ned5 Nxd5 13. Nxd5 Rc8 14. 0-0 Bxd5 15. Qxd5 Qb6 16. c3 Rfd8 17. Be3 Qxb2 18. Rab1 Qxc3 19. Rfc1 Qa3 20. Rxc8 Rxc8 21. Qxb7 Re8 22. Qxa7 Qxa7 23. Bxa7 Rc8 24. Rb8 Rxb8 25. Bxb8 Kf8 26. a4 Ke8 27. a5 Kd7 28. a6 Kc6 29. a7 Kb7 30. g4 f6 31. h4 g6 32. h5 gxh5 33. gxh5 d5 34. exd5 Bc5 35. d6 e4 36. d7 Bb6 37. Bf4 Kxa7 38. Be3 1-0

[Event "Aragon-chT Honor Titulo"]
[Site "Aragon"]
[Date "2012.03.31"]
[Round "9.4"]
[White "Moreno Gracia, Daniel"]
[Black "Ferrer Serrano, Roberto"]
[Result "1-0"]
[WhiteElo "2322"]
[BlackElo "2138"]
[PlyCount "71"]
[EventDate "2012.02.04"]
[EventType "team-tourn"]
[EventRounds "11"]
[EventCountry "ESP"]
[SourceTitle "EXT 2014"]
[Source "ChessBase"]
[SourceDate "2013.11.20"]
[SourceVersion "1"]
[SourceVersionDate "2013.11.20"]
[SourceQuality "1"]
[WhiteTeam "St Casablanca"]
[BlackTeam "Actur Rey Fernando"]
[WhiteTeamCountry "ESP"]
[BlackTeamCountry "ESP"]

1. c4 e6 2. g3 d5 3. d4 c5 4. Nf3 cxd4 5. cxd5 Qxd5 6. Qxd4 Qxd4 7. Nxd4 a6 8. Bg2 e5 9. Nb3 Nc6 10. Nc3 Nf6 11. Bg5 Be7 12. 0-0 0-0 13. Bxf6 Bxf6 14. Nd5 Bd8 15. Rac1 Rb8 16. e3 Ne7 17. Nc5 b6 18. Nd3 Nxd5 19. Bxd5 Bf6 20. Rc7 Bf5 21. e4 Bg6 22. Rfc1 a5 23. Kf1 Rfe8 24. Ke2 Kf8 25. b4 Re7 26. bxa5 Rxc7 27. Rxc7 bxa5 28. Ra7 Bd8 29. Nxe5 Rb2+ 30. Kd3 Rb5 31. Nxg6+ fxg6 32. f4 Rb2 33. e5 Rxh2 34. e6 Ke8 35. Bc6+ Kf8 36. Rf7+ 1-0

[Event "Aragon-chT Honor GrA "]
[Site "Aragon"]
[Date "2012.03.17"]
[Round "7.16"]
[White "Colas Perez, Patricia"]
[Black "Moreno Gracia, Daniel"]
[Result "0-1"]
[WhiteElo "1767"]
[BlackElo "2322"]
[PlyCount "56"]
[EventDate "2012.02.04"]
[EventType "team-tourn"]
[EventRounds "7"]
[EventCountry "ESP"]
[SourceTitle "EXT 2014"]
[Source "ChessBase"]
[SourceDate "2013.11.20"]
[SourceVersion "1"]
[SourceVersionDate "2013.11.20"]
[SourceQuality "1"]
[WhiteTeam "IberCaja II"]
[BlackTeam "St Casablanca"]
[WhiteTeamCountry "ESP"]
[BlackTeamCountry "ESP"]

1. c4 e6 2. Nc3 d5 3. d4 c6 4. cxd5 exd5 5. Qc2 Na6 6. a3 g6 7. Bf4 Bf5 8. Qd2 Bd6 9. Nf3 Nf6 10. Be5 0-0 11. Qh6 Bxe5 12. dxe5 Ng4 13. Qf4 Qb6 14. Nd4 Qxb2 15. Rc1 Bd7 16. Rc2 Qa1+ 17. Nd1 c5 18. e6 fxe6 19. Qxg4 cxd4 20. Rd2 Qxa3 21. Qxd4 Nc5 22. Qc3 Qxc3 23. Nxc3 b5 24. Rb2 Rab8 25. e3 b4 26. Na2 a5 27. Be2 b3 28. Nc1 a4 0-1

[Event "Zaragoza Casablanca op 5th"]
[Site "Zaragoza"]
[Date "2011.12.31"]
[Round "9"]
[White "Moreno Gracia, Daniel"]
[Black "Glavina, Pablo"]
[Result "1/2-1/2"]
[WhiteElo "2298"]
[BlackElo "2468"]
[PlyCount "24"]
[EventDate "2011.12.23"]
[EventType "swiss"]
[EventRounds "9"]
[EventCountry "ESP"]
[SourceTitle "CBM 146 Extra"]
[Source "ChessBase"]
[SourceDate "2012.02.29"]
[SourceVersion "1"]
[SourceVersionDate "2012.02.29"]
[SourceQuality "1"]

1. c4 c6 2. d4 d5 3. cxd5 cxd5 4. Nc3 Nf6 5. Bf4 Nc6 6. e3 Bf5 7. Bd3 Bxd3 8. Qxd3 e6 9. Nf3 Bd6 10. Bxd6 Qxd6 11. 0-0 0-0 12. Rac1 Rfc8 1/2-1/2

[Event "Zaragoza Casablanca op 5th"]
[Site "Zaragoza"]
[Date "2011.12.26"]
[Round "3"]
[White "Moreno Gracia, Daniel"]
[Black "Georgiev, Kiril"]
[Result "0-1"]
[WhiteElo "2298"]
[BlackElo "2666"]
[PlyCount "100"]
[EventDate "2011.12.23"]
[EventType "swiss"]
[EventRounds "9"]
[EventCountry "ESP"]
[SourceTitle "CBM 146 Extra"]
[Source "ChessBase"]
[SourceDate "2012.02.29"]
[SourceVersion "1"]
[SourceVersionDate "2012.02.29"]
[SourceQuality "1"]

1. d4 Nf6 2. c4 e6 3. Nc3 Bb4 4. Qc2 c5 5. dxc5 0-0 6. Nf3 Na6 7. e3 Nxc5 8. Bd2 b6 9. Be2 Bb7 10. 0-0 Nce4 11. Nxe4 Bxe4 12. Bd3 Bxd3 13. Qxd3 Qe7 14. Rfd1 Rac8 15. Rac1 Rfd8 16. Bxb4 Qxb4 17. a3 Qa4 18. Nd4 a6 19. h3 h6 20. Qc2 Qa5 21. Rd3 Rc7 22. Qd2 Qc5 23. Qb4 Qxb4 24. axb4 Nd5 25. b5 a5 26. b3 Nb4 27. Rd2 d5 28. Nc6 Nxc6 29. cxd5 exd5 30. Rdc2 d4 31. exd4 Nxd4 32. Rxc7 Ne2+ 33. Kf1 Nxc1 34. Rxc1 Rd5 35. Rc8+ Kh7 36. Rc3 Rxb5 37. Ke2 h5 38. h4 Rb4 39. g3 f6 40. Kd3 Kg6 41. Ke3 Kf5 42. f3 Ke5 43. Rd3 g5 44. hxg5 fxg5 45. Kf2 Rd4 46. Re3+ Kd5 47. Rc3 Rd2+ 48. Ke3 Rg2 49. Rd3+ Kc5 50. Ke4 Rxg3 0-1